Normal view
MARC view
- Chen, Yong
Entry Personal Name
001 - CONTROL NUMBER
- control field: 93984
003 - CONTROL NUMBER IDENTIFIER
- control field: NUST
005 - DATE AND TIME OF LATEST TRANSACTION
- control field: 20220720101342.0
008 - FIXED-LENGTH DATA ELEMENTS
- fixed length control field: 220720|| aca||aabn | a|a d
040 ## - CATALOGING SOURCE
- Original cataloging agency: NUST
- Transcribing agency: NUST
100 ## - HEADING--PERSONAL NAME
- Personal name: Chen, Yong
- Titles and other words associated with a name: (Tourism management scholar)
670 ## - SOURCE DATA FOUND
- Source citation: Work cat.: (NUST)0: Chen, Yong (Tourism management scholar), author., Economics of tourism and hospitality :
